[Event "5th Rohde Open"]
[Site "Sautron FRA"]
[Date "2005.10.23"]
[Round "2"]
[White "Le Pen,Y"]
[Black "Barbot,P"]
[Result "0-1"]
[WhiteElo "1879"]
[BlackElo "2113"]

1.e4 c5 2.Nf3 Nc6 3.Bb5 e6 4.Bxc6 bxc6 5.O-O Ne7 6.c3 Ng6 7.d3 e5 8.Ng5 Be7
9.Qh5 h6 10.Nxf7 Kxf7 11.f4 exf4 12.Rxf4+ Bf6 13.Nd2 Qe8 14.d4 cxd4 15.cxd4 Kg8
16.e5 Bg5 17.Rf2 Be3 18.Ne4 Bxf2+ 19.Kxf2 Qf7+ 20.Kg1 Ba6 21.Bd2 Rf8 22.h3 Qf5
23.Nf6+ Rxf6  0-1

[Event "Chigorin Mem"]
[Site "St Petersburg RUS"]
[Date "2005.10.23"]
[Round "9"]
[White "Yandemirov,V"]
[Black "Popov,Val"]
[Result "1/2-1/2"]
[WhiteElo "2518"]
[BlackElo "2588"]

1.e4 c5 2.Nf3 Nc6 3.Bb5 g6 4.O-O Bg7 5.c3 Nf6 6.Re1 O-O 7.e5 Nd5 8.d4 cxd4
9.cxd4 Nc7 10.Ba4 d6  1/2-1/2

[Event "Chigorin Mem"]
[Site "St Petersburg RUS"]
[Date "2005.10.23"]
[Round "9"]
[White "Nikitin,Y2"]
[Black "Nogin,V"]
[Result "1/2-1/2"]
[WhiteElo "2355"]
[BlackElo "2165"]

1.e4 c5 2.Nf3 Nc6 3.Bb5 g6 4.Bxc6 dxc6 5.h3 Bg7 6.d3 Nf6 7.Nc3 Nd7 8.Be3 e5
9.Qd2 h6 10.O-O-O Qe7 11.Nh2 Nf8 12.f4 exf4 13.Bxf4 Ne6 14.Be3 Nd4 15.Rhf1 Be6
16.Kb1 O-O-O 17.Qf2 b6 18.Rd2 Qb7 19.Ng4 Qa6 20.a3 f5 21.exf5 Bxf5 22.Rfd1 Nb5
23.Nxb5 Qxb5 24.d4 c4 25.Kc1 c3 26.bxc3 Bf8 27.Re2 Bxa3+ 28.Kd2 Qb2 29.Ne5 Bxc2
30.Nc4 Qa2 31.Ke1 Qxc4 32.Rxc2 Rde8 33.Kd2 Bd6 34.Ra1 Rhf8 35.Qh4 Rxe3 36.Kxe3 Bf4+
37.Qxf4 Rxf4 38.Kxf4 Qd3 39.Rf2 a5 40.Rf3 Qd2+ 41.Kg3 Kb7 42.Raf1 b5 43.R1f2 Qd1
44.Re3 Qb3 45.Rf8 b4 46.Rff3 Qd5 47.cxb4 axb4 48.Rd3 Kb6 49.Rfe3 Qc4 50.Kf3 Kb5
51.Re5+ Ka4 52.Ree3 Qf7+ 53.Ke2 Qd5 54.Kf2 Qa2+ 55.Kf3 Qc2 56.Kg3 g5 57.Kf3 h5
58.Kg3 Qa2 59.Kf3 h4 60.g3 Qh2 61.Kg4 Qf2 62.Kxg5 hxg3 63.Rxg3 b3 64.Rxb3 Qxd4
65.Rbf3 Qg7+ 66.Kf4 Qd4+ 67.Kg5 Qg7+ 68.Kf5 Qf7+ 69.Ke4 Qc4+ 70.Ke3 Qc5+
71.Ke2 Qc2+ 72.Kf1 Qd1+ 73.Kg2 Qe2+ 74.Rf2 Qe4+ 75.Kh2 Kb5 76.Rg4 Qe5+ 77.Rgf4 c5
78.h4  1/2-1/2

[Event "SCG First League w"]
[Site "Vrnjacka Banja SCG"]
[Date "2005.10.23"]
[Round "7"]
[White "Maric,M"]
[Black "Bjeloglav,M"]
[Result "1-0"]
[WhiteElo "2284"]
[BlackElo "2048"]

1.e4 c5 2.Nf3 Nc6 3.Bb5 e6 4.O-O Nge7 5.Re1 a6 6.Bf1 d5 7.exd5 Nxd5 8.d4 cxd4
9.Nxd4 Be7 10.Nxc6 bxc6 11.a3 O-O 12.c4 Nf6 13.Qf3 Bb7 14.Nc3 Qc7 15.Bf4 Bd6
16.Bxd6 Qxd6 17.b4 Qc7 18.Qe3 Rfd8 19.h3 a5 20.Na4 Nd7 21.Nc5 Nxc5 22.Qxc5 axb4
23.axb4 Qd6 24.Qb6 Rxa1 25.Rxa1 Qd4 26.Qxd4 Rxd4 27.Ra7 Rd7 28.Be2 Kf8 29.Bf3 Ke7
30.b5 Kd6 31.bxc6 Bxc6 32.Ra6 Rc7 33.Kf1 Kd7 34.Bxc6+ Rxc6 35.Rxc6 Kxc6 36.Ke2 Kc5
37.Kd3 h5 38.f4 f6 39.Kc3 g6 40.h4 Kc6 41.Kd4 Kd6 42.c5+ Kc6 43.Kc4 Kc7 44.Kb5 e5
45.fxe5 fxe5 46.Kc4 Kc6 47.g3 e4 48.Kd4 e3 49.Kxe3 Kxc5 50.Kf4 Kd5 51.Kg5  1-0

[Event "5th Rohde Open"]
[Site "Sautron FRA"]
[Date "2005.10.24"]
[Round "3"]
[White "Potkin,V"]
[Black "Tirard,H"]
[Result "1/2-1/2"]
[WhiteElo "2555"]
[BlackElo "2435"]

1.e4 c5 2.Nf3 Nc6 3.Bb5 e6 4.Bxc6 bxc6 5.b3 f6 6.O-O Nh6 7.d4 Nf7 8.c4 cxd4
9.Nxd4 Be7 10.Nc3 O-O 11.Bb2 Bb7 12.Nde2 Qc7 13.Ng3 Rad8 14.Qe2 Rfe8 15.Rad1 Qa5
16.Na4 d5 17.Bc3 Qc7 18.cxd5 cxd5 19.Bd4 Bc8  1/2-1/2

[Event "5th Rohde Open"]
[Site "Sautron FRA"]
[Date "2005.10.26"]
[Round "5"]
[White "Picard,C"]
[Black "Berthelot,Y"]
[Result "0-1"]
[WhiteElo "2167"]
[BlackElo "2307"]

1.e4 c5 2.Nf3 Nc6 3.Bb5 e6 4.Nc3 Nd4 5.Bc4 Ne7 6.O-O Nec6 7.d3 Be7 8.Nxd4 cxd4
9.Ne2 O-O 10.f4 f5 11.a3 g6 12.b4 a6 13.Bb2 b5 14.Bb3 Bb7 15.Kh1 a5 16.exf5 gxf5
17.Nxd4 Bf6 18.Nxc6 Bxc6 19.Be5 Bxe5 20.fxe5 Kh8 21.Qd2 Rg8 22.Rf2 Qh4 23.Rg1 Rg4
24.c3 Rag8 25.Bd1  0-1

[Event "SCG First League m"]
[Site "Vrnjacka Banja SCG"]
[Date "2005.10.27"]
[Round "11"]
[White "Stojanovic,Da"]
[Black "Markovic,Miros"]
[Result "1/2-1/2"]
[WhiteElo "2459"]
[BlackElo "2489"]

1.e4 c5 2.Nf3 Nc6 3.Bb5 Nf6 4.Nc3 g6 5.e5 Ng4 6.Bxc6 dxc6 7.h3 Nh6 8.g4 Bg7
9.d3 O-O 10.Bf4 f5 11.g5 Nf7 12.h4 Be6 13.Qe2 Qa5 14.Bd2 Qc7 15.Bf4 Qa5 16.Bd2  1/2-1/2

[Event "SCG First League m"]
[Site "Vrnjacka Banja SCG"]
[Date "2005.10.27"]
[Round "11"]
[White "Nevednichy,V"]
[Black "Popadic,Dr"]
[Result "1-0"]
[WhiteElo "2594"]
[BlackElo "2287"]

1.e4 c5 2.Nf3 Nc6 3.Bb5 e5 4.O-O d6 5.c3 Bd7 6.d4 Qc7 7.Re1 Be7 8.dxe5 dxe5
9.c4 Nf6 10.Nc3 Nd4 11.Bxd7+ Nxd7 12.Nd5 Qd8 13.Nxd4 exd4 14.Qg4 Kf8 15.Bf4 h5
16.Qf3 Kg8 17.Bc7 Qe8 18.e5 Rh6 19.Nxe7+ Qxe7 20.Bd6 Qe8 21.Qxb7 a5 22.f4 Rc8
23.f5 Nf8 24.Rad1 Qc6 25.Qxc6 Rxc6 26.Rd3 Nd7 27.Ra3 Nb6 28.Rxa5 Nxc4 29.Rxc5 Rxc5
30.Bxc5 d3 31.Bd4 Ra6 32.b3 Nd2 33.e6 fxe6 34.fxe6 Kf8 35.Bxg7+ Ke8 36.Re3 Rd6
37.Be5 Rd5 38.Re1 Ne4 39.Bf4 d2 40.Rd1  1-0

[Event "9th Bavarian Open"]
[Site "Bad Wiessee GER"]
[Date "2005.11.01"]
[Round "4"]
[White "Senff,M"]
[Black "Kauch,M"]
[Result "1/2-1/2"]
[WhiteElo "2469"]
[BlackElo "2232"]

1.e4 c5 2.Nf3 Nc6 3.Bb5 g6 4.Bxc6 bxc6 5.O-O Bg7 6.c3 d6 7.d4 cxd4 8.cxd4 Nf6
9.Nc3 O-O 10.Re1 Bg4 11.h3 Bxf3 12.Qxf3 Nd7 13.Be3 Qb6 14.Na4 Qb4 15.Qd1 Nb6
16.Nxb6 axb6 17.Re2 c5 18.a3  1/2-1/2

[Event "Autumn Open"]
[Site "St Petersburg RUS"]
[Date "2005.11.01"]
[Round "4"]
[White "Zacurdajev,D"]
[Black "Lanin,A"]
[Result "1/2-1/2"]
[WhiteElo "2249"]
[BlackElo "2425"]

1.e4 c5 2.Nf3 Nc6 3.Bb5 d6 4.d4 cxd4 5.Qxd4 Nf6 6.Nc3 e5 7.Qd3 Be6 8.Ng5 Bg4
9.f3 Bh5 10.Be3 h6 11.Nh3 Be7 12.Nf2 Qa5 13.Bd2 Qc7 14.Nfd1 a6 15.Ba4 b5
16.Bb3 Nd4 17.Ne3 Nd7 18.Ncd5 Bh4+ 19.Kf1 Qb7 20.Bb4 Nc5 21.Bxc5 dxc5 22.c3 Nxb3
23.axb3 O-O 24.Nf5 Bd8 25.c4 Bg6 26.Nfe3 Bg5 27.Kf2 Rad8 28.Qc3 Bxe3+ 29.Nxe3 b4
30.Qc2 Rd4 31.Rhd1 Rfd8 32.Qe2 Qd7 33.Nd5 Qd6 34.Kg1 Kh7 35.Qf2 f5 36.exf5 Bxf5
37.Re1 Be6 38.Qc2+ Kg8 39.Ne3 e4 40.fxe4 Rd2 41.Red1 Rxc2 42.Rxd6 Rxg2+ 43.Kxg2 Rxd6
44.Nd5 g5 45.Kg3 Kg7 46.Rf1  1/2-1/2

[Event "Blitz Match w"]
[Site "Prague CZE"]
[Date "2005.11.04"]
[Round "1"]
[White "Jackova,J"]
[Black "Cmilyte,V"]
[Result "0-1"]
[WhiteElo "2389"]
[BlackElo "2480"]

1.e4 c5 2.Nf3 Nc6 3.Bb5 g6 4.O-O Bg7 5.c3 Nf6 6.Re1 O-O 7.d4 d5 8.e5 Ne4
9.Nbd2 cxd4 10.cxd4 Nxd2 11.Bxd2 Bg4 12.Bxc6 bxc6 13.h3 Bxf3 14.Qxf3 Qb6
15.Bc3 Rad8 16.Rad1 c5 17.dxc5 Qxc5 18.Bd4 Qa5 19.a3 e6 20.Qe3 Rd7 21.b4 Qa6
22.Rc1 Ra8 23.Rc3 Qb7 24.Rec1 h5 25.Rc6 Kh7 26.Qc3 Qb5 27.Rc5 Qb7 28.Rc7 Qb5
29.Rxd7 Qxd7 30.Qc7 Qe8 31.Qc6 Qd8 32.Rc3 a6 33.Qc7 Qxc7 34.Rxc7 Kg8 35.Rb7 Bf8
36.a4 Rc8 37.b5 Rc4 38.Be3 Rxa4 39.Rb8 Kg7 40.Bg5 f5 41.b6 Rb4 42.Bf6+ Kf7
43.Rb7+ Ke8 44.Rb8+ Kf7  0-1

[Event "Blitz Match w"]
[Site "Prague CZE"]
[Date "2005.11.04"]
[Round "3"]
[White "Jackova,J"]
[Black "Cmilyte,V"]
[Result "1/2-1/2"]
[WhiteElo "2389"]
[BlackElo "2480"]

1.e4 c5 2.Nf3 Nc6 3.Bb5 g6 4.O-O Bg7 5.c3 Nf6 6.Re1 O-O 7.d4 cxd4 8.cxd4 d5
9.e5 Ne4 10.Nc3 Nxc3 11.bxc3 Qa5 12.a4 Rd8 13.h3 Bf5 14.Qd2 Rac8 15.Ba3 Bf8
16.Nh4 Bd7 17.Bf1 Qc7 18.Nf3 Na5 19.Ra2 Nc4 20.Bxc4 Qxc4 21.Rc1 Bxa4 22.Bb4 b5
23.Qb2 Qc7 24.Ne1 a5 25.Bc5 Bh6 26.Rca1 f6 27.Nd3 Bg7 28.Re1 Re8 29.Qa3 Ra8
30.Rae2 f5 31.Nf4 e6 32.Nd3 Qc6 33.Ra1 Bh6 34.Bd6 f4 35.f3 Qc4 36.Rd2 Bb3
37.Nc5 a4 38.Qb2 Rac8 39.Nd7 Bg7 40.Nb6 Qc6 41.Nxc8 Rxc8 42.Bb4 Qc4 43.Ra3 g5
44.Qb1 Bf8 45.Bxf8 Rxf8 46.Rb2 Qxc3 47.Raxb3 axb3 48.Rxb3 Qxd4+ 49.Kh2 Qxe5
50.Rxb5 Qf5 51.Qb3 Kg7 52.Rc5 Rf7 53.Rc8 Rf8 54.Rc7+ Rf7 55.Rc8 Qe5 56.Qa3 Qe1
57.Qa8 Qg3+ 58.Kg1 Qe1+ 59.Kh2 Qg3+ 60.Kg1 Qe1+ 61.Kh2 Qg3+  1/2-1/2

[Event "Blitz Match w"]
[Site "Prague CZE"]
[Date "2005.11.04"]
[Round "5"]
[White "Jackova,J"]
[Black "Cmilyte,V"]
[Result "1-0"]
[WhiteElo "2389"]
[BlackElo "2480"]

1.e4 c5 2.Nf3 Nc6 3.Bb5 g6 4.O-O Bg7 5.c3 Nf6 6.Re1 O-O 7.d4 d5 8.e5 Ne4
9.Nbd2 cxd4 10.cxd4 Bf5 11.Bxc6 bxc6 12.Nh4 Nxd2 13.Nxf5 gxf5 14.Bxd2 Kh8
15.Bb4 Rb8 16.Qd2 Qd7 17.Bc5 Rg8 18.Rac1 Rb7 19.Rc3 Qe6 20.Rg3 f4 21.Ra3 Bh6
22.f3 Qg6 23.b4 Qh5 24.Qe2 Ra8 25.Ra6 Qg6 26.a4 Bg5 27.b5 Rc8 28.Bxa7 Qe6
29.Bc5 Qd7 30.b6 e6 31.Ra7 Be7 32.Rxb7 Qxb7 33.Bxe7 Qxe7 34.Qa6 Qd7 35.b7 Rb8
36.Rb1 Qc7 37.Qa8 Kg7 38.a5 c5 39.a6 cxd4 40.Qxb8 Qxb8 41.a7 Qxa7 42.b8=Q Qa3
43.Qb3 Qc5 44.Qd3 Qc3 45.Rd1  1-0

[Event "Autumn Open"]
[Site "St Petersburg RUS"]
[Date "2005.11.05"]
[Round "8"]
[White "Frolochkin,V"]
[Black "Nikolaev,V RUS"]
[Result "1-0"]
[WhiteElo "2190"]
[BlackElo "2175"]

1.e4 c5 2.Nf3 Nc6 3.Bb5 Qc7 4.O-O a6 5.Bxc6 Qxc6 6.Re1 d6 7.d4 cxd4 8.Nxd4 Qc7
9.Nc3 e6 10.f4 Nf6 11.a4 b6 12.f5 e5 13.Nf3 h6 14.Be3 Bb7 15.Qd3 Be7 16.Nd2 Rc8
17.h3 O-O 18.Rac1 Rfd8 19.Nd5 Bxd5 20.exd5 Qb7 21.c4 b5 22.b3 Rd7 23.cxb5 Rxc1
24.Rxc1 axb5 25.Rc6 bxa4 26.bxa4 Rc7 27.Qb5 Kh7 28.Rxc7 Qxc7 29.Nc4 Qc8 30.a5 Ne8
31.Qc6 Qb8 32.a6 Bg5 33.Bb6 Bd8 34.a7 Bxb6+ 35.Qxb6 Qc8 36.Qc6 Nc7 37.Nxd6 Qd8
38.Nxf7 Qc8 39.Qg6+ Kg8 40.f6 Ne8 41.Nd6 Qc1+ 42.Kh2 Qf4+ 43.Qg3 Nc7 44.Qxf4 exf4
45.fxg7 Na8 46.Ne8  1-0

[Event "TCh-CZE Extraliga 2005-6"]
[Site "Czech Rep CZE"]
[Date "2005.11.06"]
[Round "4"]
[White "Klima,L"]
[Black "Ponizil,C"]
[Result "0-1"]
[WhiteElo "2448"]
[BlackElo "2179"]

1.e4 c5 2.Nf3 Nc6 3.Bb5 g6 4.O-O Bg7 5.Re1 Nf6 6.c3 O-O 7.d4 cxd4 8.cxd4 d5
9.e5 Ne4 10.Bxc6 bxc6 11.Nbd2 c5 12.dxc5 Nxc5 13.Nb3 Nxb3 14.Qxb3 e6 15.Be3 Qd7
16.Rac1 Ba6 17.Qa3 Bc4 18.Bc5 Rfc8 19.b3 Bb5 20.Qa5 Bh6 21.Be3 Bxe3 22.fxe3 Bd3
23.Qd2 Be4 24.Nd4 Rc7 25.Ne2 Rac8 26.Rxc7 Rxc7 27.Rc1 Qe7 28.Rxc7 Qxc7 29.Qc3 Qb7
30.Qd4 Qe7 31.b4 h5 32.a4 Qg5 33.Ng3 Bc2 34.a5 h4 35.Ne2 Be4 36.Nf4 h3 37.b5 hxg2
38.b6 axb6 39.axb6 Qh4 40.Nd3 Qg4 41.Nf2 Qe2 42.Qa1 Qb5 43.Nxe4 dxe4 44.Kxg2 Qe2+
45.Kg3 Qxe3+ 46.Kg4 Qf3+ 47.Kh4 Qf2+ 48.Kh3 Qf3+ 49.Kh4 e3 50.Qc3 Qf4+ 51.Kh3 e2  0-1

[Event "FSIMA November"]
[Site "Budapest HUN"]
[Date "2005.11.13"]
[Round "9"]
[White "Brustkern,J"]
[Black "Dougherty,M"]
[Result "1-0"]
[WhiteElo "2236"]
[BlackElo "2212"]

1.e4 c5 2.Nf3 Nc6 3.Bb5 e6 4.O-O Nge7 5.b3 a6 6.Bxc6 bxc6 7.Bb2 d6 8.e5 d5
9.d3 Ng6 10.c4 Be7 11.Nc3 O-O 12.Re1 f6 13.Na4 Rf7 14.Rc1 d4 15.Qe2 Ra7 16.Ba3 fxe5
17.g3 e4 18.Qxe4 e5 19.Nxe5 Nxe5 20.Qxe5 Rf5 21.Qe4 Kf8 22.Re2 Bd6 23.Rce1 Re7
24.Qh4 Rf6 25.Rxe7 Bxe7 26.Bxc5 Bxc5 27.Nxc5 Qa5 28.Qe4  1-0

[Event "WJun"]
[Site "Instanbul TUR"]
[Date "2005.11.19"]
[Round "10"]
[White "Babujian,L"]
[Black "Carron,J"]
[Result "1-0"]
[WhiteElo "2429"]
[BlackElo "2314"]

1.e4 c5 2.Nf3 Nc6 3.Bb5 g6 4.O-O Bg7 5.Re1 Nf6 6.c3 O-O 7.e5 Nd5 8.d4 cxd4
9.cxd4 d6 10.h3 h6 11.Na3 Be6 12.exd6 exd6 13.Nc2 Rc8 14.Bd3 Re8 15.Bd2 Qd7
16.Rc1 a6 17.b3 Nce7 18.Ne3 Bf5 19.Bxf5 gxf5 20.Rxc8 Rxc8 21.Nh4 Nf6 22.d5 Nexd5
23.Nxd5 Nxd5 24.Bxh6 Bxh6 25.Qxd5 Rc5 26.Qd3 Bg5 27.b4 Rb5 28.a4 Rxb4 29.Nxf5 Rxa4
30.Qc3 f6 31.Re7 Qc6 32.Qb3+ d5 33.Rxb7 Ra1+ 34.Kh2 Bf4+ 35.g3 Qc5 36.Qf3 Ra2
37.Kg2 Bg5 38.h4 Ra3 39.Qh5  1-0

[Event "Open"]
[Site "Lugano SUI"]
[Date "2005.11.19"]
[Round "3"]
[White "Bossi,A"]
[Black "Lundmark,G"]
[Result "1-0"]
[WhiteElo "2063"]
[BlackElo "1851"]

1.e4 c5 2.Nf3 Nc6 3.Bb5 d6 4.O-O Bd7 5.Re1 e5 6.c3 a6 7.Bc4 b5 8.Bd5 Nf6
9.d4 exd4 10.Ng5 Nxd5 11.exd5+ Ne7 12.cxd4 c4 13.Qh5 g6 14.Qf3 f5 15.Bf4 Bc8
16.a4 b4 17.Nd2 h6 18.Ne6 Bxe6 19.Rxe6 Qb6 20.Nxc4 Qxd4 21.Nxd6+ Kd7 22.Be5 Qxd5
23.Rxe7+  1-0

[Event "WJun"]
[Site "Instanbul TUR"]
[Date "2005.11.20"]
[Round "11"]
[White "Mamedov,Nid"]
[Black "Terrieux,K"]
[Result "1/2-1/2"]
[WhiteElo "2517"]
[BlackElo "2365"]

1.e4 c5 2.Nf3 Nc6 3.Bb5 g6 4.O-O Bg7 5.Bxc6 dxc6 6.d3 Nf6 7.h3 Nd7 8.Nc3 e5
9.Be3 Qe7 10.Qd2 h6 11.Kh1 Nf8 12.Na4 Ne6 13.Qa5 b5 14.Nc3 Nd4 15.Bxd4 cxd4
16.Ne2 O-O 17.Nd2 Qc5 18.Rac1 Qb6 19.Qa3 Rd8 20.c4 dxc3 21.Qxc3 Be6 22.Nb3 b4
23.Qc2 c5 24.f4 Rac8 25.f5 gxf5 26.exf5 Bd5 27.Nd2 Qb5 28.b3 Bb7 29.Nc4 Qc6
30.Rf2 e4 31.dxe4 Qxe4 32.Qxe4 Bxe4 33.f6 Bf8 34.Ng3 Bg6 35.Ne5 Kh7 36.Nxg6 Kxg6
37.Nf5 Rc6 38.Ne7+ Bxe7 39.fxe7 Re8 40.Re2  1/2-1/2

[Event "WJun Girls"]
[Site "Instanbul TUR"]
[Date "2005.11.20"]
[Round "11"]
[White "Bulmaga,I"]
[Black "Raeva,E"]
[Result "0-1"]
[WhiteElo "2122"]
[BlackElo "2213"]

1.e4 c5 2.Nf3 Nc6 3.Bb5 e6 4.Bxc6 bxc6 5.O-O d5 6.e5 Ne7 7.d3 Ng6 8.Re1 Be7
9.c4 O-O 10.Nc3 f6 11.h4 Nxe5 12.Nxe5 fxe5 13.h5 Bd6 14.Qg4 Qf6 15.f3 h6
16.Bd2 Rb8 17.b3 e4 18.Rf1 Qd4+ 19.Kh1 e3 20.Bxe3 Qxe3 21.Rfe1 Qd4 22.Qxd4 cxd4
23.Ne2 dxc4 24.bxc4 c5 25.Rab1 Bd7  0-1

[Event "WJun"]
[Site "Instanbul TUR"]
[Date "2005.11.22"]
[Round "13"]
[White "Mamedov,Nid"]
[Black "Poobesh Anand,S"]
[Result "1-0"]
[WhiteElo "2517"]
[BlackElo "2397"]

1.e4 c5 2.Nf3 Nc6 3.Bb5 Nf6 4.d3 Qc7 5.O-O e6 6.Bxc6 Qxc6 7.e5 Nd5 8.c4 Nc7
9.Ng5 d6 10.Qh5 g6 11.Qe2 Bg7 12.f4 O-O 13.Nc3 d5 14.b3 b5 15.a4 b4 16.Nd1 Bb7
17.Nf3 Rad8 18.Be3 dxc4 19.dxc4 f5 20.exf6 Bxf6 21.Rc1 Ne8 22.Nf2 Nd6 23.Ng4 Ne4
24.Nxf6+ Rxf6 25.Rcd1 Rdf8 26.Ne5 Nc3 27.Qd2 Qc7 28.Nd7 Nxd1 29.Nxf6+ Rxf6
30.Rxd1 Qc6 31.Qe2 Qe4 32.Rd8+ Kg7 33.h3 Rxf4 34.Qd2 Rf5 35.Bh6+  1-0

[Event "WJun Girls"]
[Site "Instanbul TUR"]
[Date "2005.11.22"]
[Round "13"]
[White "Melia,S"]
[Black "Guseva,M"]
[Result "1-0"]
[WhiteElo "2318"]
[BlackElo "2363"]

1.e4 c5 2.Nf3 Nc6 3.Bb5 Nd4 4.Nxd4 cxd4 5.O-O e6 6.c3 a6 7.Ba4 b5 8.Bc2 dxc3
9.dxc3 Bb7 10.Bf4 d6 11.Qd3 Nf6 12.Nd2 Be7 13.a4 Bc6 14.Bg5 e5 15.axb5 axb5
16.Bxf6 Rxa1 17.Rxa1 Bxf6 18.Bb3 O-O 19.Nf1 Bg5 20.Bd5 Qb6 21.Rd1 Rd8 22.Bxc6 Qxc6
23.Qd5 Qb6 24.Ra1 g6 25.g3 h5 26.h4 Bh6 27.Kg2 Rc8 28.Rd1 Bf8 29.Ne3 Qa6
30.Qd3 Qa4 31.Nd5 Qb3 32.Qe2 Ra8 33.Nb4 Ra5 34.Rd5 Ra1 35.Rxb5 Rb1 36.Nd5 Qa2
37.Rb8 Qa1 38.Ne3 Rg1+ 39.Kf3 Qa7 40.Qb5 Qe7 41.Qe8 Kg7 42.Qxe7 Bxe7 43.b4 Bf6
44.b5 Rb1 45.b6 Be7 46.Nd5 Bf8 47.b7 Rb5 48.Ke3  1-0

[Event "55th ch-GRE"]
[Site "Kalamata GRE"]
[Date "2005.11.22"]
[Round "7"]
[White "Souleidis,G"]
[Black "Kotronias,V"]
[Result "1-0"]
[WhiteElo "2421"]
[BlackElo "2626"]

1.e4 c5 2.Nf3 Nc6 3.Bb5 g6 4.Bxc6 dxc6 5.d3 Bg7 6.h3 Nf6 7.Nc3 Nd7 8.Be3 e5
9.Qd2 h6 10.O-O Qe7 11.Nh2 Nf8 12.f4 exf4 13.Bxf4 Ne6 14.Bg3 Qg5 15.Qe1 Qd8
16.e5 O-O 17.Ne4 Qd4+ 18.Kh1 Qxb2 19.Ng4 Nd4 20.Ngf6+ Kh8 21.Bf4 Be6 22.c3 Nf5
23.g4 Rad8 24.gxf5 Bxf5 25.Rf2 Qb5 26.c4 Qb4 27.Qe3 Bxf6 28.exf6 Rfe8 29.Bc7 Bxe4+
30.dxe4 Kh7 31.Bxd8 Rxd8 32.Rc1 b5 33.e5 bxc4 34.Qe1 Qa3 35.Rc3 Qa4 36.Rd2 Re8
37.Qe3 Qb4 38.Rd7 Kg8 39.Qxh6  1-0

[Event "Baden Challenge"]
[Site "Pforzheim GER"]
[Date "2005.11.22"]
[Round "8"]
[White "Dinger,F"]
[Black "Bojkov,D"]
[Result "0-1"]
[WhiteElo "2209"]
[BlackElo "2516"]

1.e4 c5 2.Nf3 Nc6 3.Bb5 e5 4.Bxc6 dxc6 5.d3 Qc7 6.h3 Be7 7.Nbd2 Nf6 8.Nc4 Nd7
9.a4 f6 10.a5 Nf8 11.Nh4 g6 12.O-O Ne6 13.Be3 O-O 14.Qc1 Nd4 15.Bxd4 cxd4
16.Nf3 Be6 17.Qd2 b5 18.axb6 axb6 19.Qe2 b5 20.Ncd2 c5 21.b3 Ra7 22.Rfc1 Rfa8
23.Qd1 Bf8 24.Kf1 Bh6 25.Rcb1 Qb7 26.Ke2 Ra6 27.Qc1 Bf8 28.Ne1 Be7 29.Rxa6 Qxa6
30.Qb2 h5 31.Nef3 Bf8 32.Rg1 c4 33.Qb1 c3 34.Nf1 Qa2 35.N1h2 Ra3  0-1

[Event "55th ch-GRE"]
[Site "Kalamata GRE"]
[Date "2005.11.23"]
[Round "8"]
[White "Souleidis,G"]
[Black "Skembris,S"]
[Result "1/2-1/2"]
[WhiteElo "2421"]
[BlackElo "2461"]

1.e4 c5 2.Nf3 Nc6 3.Bb5 g6 4.Bxc6 dxc6 5.d3 Bg7 6.h3 Nf6 7.Nc3 Nd7 8.Be3 e5
9.Qd2 Qe7 10.Bh6 Bxh6 11.Qxh6 f6 12.Nd2 Nf8 13.f4 exf4 14.Qxf4 Ne6 15.Qf2 Nd4
16.Nf3 Nxf3+ 17.gxf3 Be6 18.O-O-O O-O-O 19.h4 h5 20.f4 Bg4 21.Rde1 b6 22.Nb1 Rd4
23.Nd2 Rhd8 24.Rhg1 Qf7 25.Kb1 Kb7 26.b3 b5 27.Rg3 Qf8 28.Nf3 Bxf3 29.Qxf3 c4
30.dxc4 bxc4 31.Kb2 cxb3 32.axb3 Qb4 33.Ra1 Qe7 34.Rxg6 Rxe4 35.Qg3 Rd7 36.Qf2 Red4
37.Qf1 Kb8 38.Qa6 Rc7 39.Ra4 Qd8 40.Rg8 Qxg8 41.Rxd4 Qf8 42.f5 Qe7 43.Ka2 Rc8
44.Qd3 Qc5 45.Rd7 Re8 46.Qd2 Ka8 47.Qd3 Qa5+ 48.Kb2 Qe5+ 49.Ka2 Qa5+ 50.Kb2 Qe5+  1/2-1/2

[Event "18th Belgrade Trophy"]
[Site "Obrenovac SCG"]
[Date "2005.11.23"]
[Round "2"]
[White "Stamatovic,A"]
[Black "Markovic,Zi"]
[Result "1-0"]
[WhiteElo "2224"]
[BlackElo "1955"]

1.e4 c5 2.Nf3 Nc6 3.Bb5 d6 4.Bxc6+ bxc6 5.O-O g6 6.Re1 Bg7 7.e5 d5 8.d3 Bg4
9.h3 Bxf3 10.Qxf3 Qd7 11.Nc3 Qb7 12.b3 Bh6 13.Bb2 e6 14.Na4 Bf8 15.Ba3 Qb5
16.c4 Qa5 17.Rec1 Rc8 18.cxd5 cxd5 19.d4 c4 20.Bxf8 Kxf8 21.Nc5 Rxc5 22.dxc5 Qxc5
23.bxc4 dxc4 24.Qf4 c3 25.Rab1 Qe7 26.Rxc3 h5 27.Rb8+ Kg7 28.Rcc8 g5 29.Qc1 g4
30.Rc7 Qh4 31.g3  1-0

[Event "18th Belgrade Trophy"]
[Site "Obrenovac SCG"]
[Date "2005.11.23"]
[Round "2"]
[White "Toth,Al"]
[Black "Al Atarji,S"]
[Result "1-0"]
[WhiteElo "2295"]
[BlackElo "2099"]

1.e4 c5 2.Nf3 Nc6 3.Bb5 g6 4.Bxc6 dxc6 5.d3 Bg7 6.h3 Nf6 7.Nc3 O-O 8.Be3 b6
9.Qd2 e5 10.Bh6 Qe7 11.O-O Ne8 12.Nh2 Nc7 13.Bxg7 Kxg7 14.f4 exf4 15.Rxf4 Ne6
16.Rf2 Nd4 17.Nf3 h6 18.Re1 Nxf3+ 19.Rxf3 Qe5 20.b3 Be6 21.Ne2 Rad8 22.Nf4 Rfe8
23.Qf2 Rd7 24.Kh1 a5 25.Rf1 Qc7 26.Rg3 Qe5 27.Rf3 Qc7 28.Qe1 Qe5 29.Qg3 Ra7
30.Qf2 Bc8 31.Nxg6 Kxg6 32.Rf6+ Kg7 33.Rxf7+ Rxf7 34.Qxf7+ Kh8 35.Qg6 Qe6
36.Rf6 Qg8 37.Qxh6+ Qh7 38.Qf4 Qg7 39.Qh4+ Kg8 40.Rxc6 Rf8 41.Kh2 Bd7 42.Rxb6 Rf1
43.Rb8+ Rf8 44.Rb7 a4 45.Qg3 Qxg3+ 46.Kxg3 axb3 47.axb3 Bc6 48.Rc7 Rf6 49.h4 c4
50.bxc4 Ba4 51.c3  1-0

[Event "18th Belgrade Trophy"]
[Site "Obrenovac SCG"]
[Date "2005.11.23"]
[Round "2"]
[White "Mladenovic,M"]
[Black "Petrovic,ZoZ"]
[Result "1/2-1/2"]
[WhiteElo "1849"]
[BlackElo "2136"]

1.e4 c5 2.Nf3 Nc6 3.Bb5 g6 4.O-O Bg7 5.c3 Nf6 6.Qe2 O-O 7.Rd1 a6 8.Bxc6 dxc6
9.d4 cxd4 10.cxd4 Qc7 11.Nc3 b5 12.Bg5 Bb7 13.Rac1 h6 14.Bh4 Rac8 15.e5 Nh7
16.Bg3 Qa5 17.a3 Rfd8 18.Ne4  1/2-1/2

[Event "18th Belgrade Trophy"]
[Site "Obrenovac SCG"]
[Date "2005.11.25"]
[Round "4"]
[White "Vujacic,Bo"]
[Black "Peev,P"]
[Result "1-0"]
[WhiteElo "2377"]
[BlackElo "2291"]

1.e4 c5 2.Nf3 Nc6 3.Bb5 g6 4.Bxc6 bxc6 5.O-O Bg7 6.Re1 Nf6 7.e5 Nd5 8.c4 Nc7
9.d4 cxd4 10.Qxd4 d5 11.Nc3 O-O 12.Qh4 f6 13.exf6 exf6 14.Be3 Ba6 15.cxd5 Nxd5
16.Bc5 Rf7 17.Qa4 Bb7 18.Ne4 Rd7 19.Rad1 Qc7 20.Bd4 Rf7 21.Nc5 Nb6 22.Qb3 Bc8
23.Re8+ Bf8 24.Bxf6 Nd5 25.Be5 Qb6 26.Bd6 Qxb3 27.Nxb3 Bb7 28.Rxa8 Bxa8 29.Be5 Bc5
30.Nxc5 Re7 31.Kf1 Bb7 32.Nd4 Ba8 33.Rd3 Kf7 34.Rf3+ Ke8 35.Nde6 Rf7 36.Rb3 Nb6
37.a4 Ke7 38.a5 Nd7 39.Rd3 Nxc5 40.Nxc5 Ke8 41.Rb3 Ke7 42.Rb8 Rf8 43.Rxf8 Kxf8
44.Ke2  1-0

[Event "18th Belgrade Trophy"]
[Site "Obrenovac SCG"]
[Date "2005.11.25"]
[Round "4"]
[White "Toth,Al"]
[Black "Sarenac,I"]
[Result "1-0"]
[WhiteElo "2295"]
[BlackElo "2115"]

1.e4 c5 2.Nf3 Nc6 3.Bb5 d6 4.Bxc6+ bxc6 5.O-O e5 6.c3 Nf6 7.Re1 Qc7 8.d4 cxd4
9.cxd4 Be7 10.Nc3 O-O 11.Bg5 Bg4 12.dxe5 dxe5 13.Qe2 Rab8 14.b3 Qa5 15.Na4 Rfd8
16.Nb2 h6 17.Nc4 Qb5 18.Bh4 Bb4 19.Bxf6 gxf6 20.Red1 Bc3 21.Rac1 Bd4 22.h3 Bh5
23.g4 Bg6 24.Nxd4 exd4 25.f4 Bh7 26.f5 h5 27.Qf2 c5 28.Nb2 Re8 29.Qf3 Qc6
30.Rxd4 Rbd8 31.Rxd8 Rxd8 32.Rd1 Re8 33.Re1 Qa6 34.a4 Qa5 35.Re2 Qb4 36.Kg2 Rd8
37.Nc4 Rd4 38.Rc2 Qe1 39.Re2 Qb1 40.Rd2 Rxe4 41.Rd8+ Kg7 42.Nd2  1-0

[Event "ch-ROM"]
[Site "Baile Tusnad ROM"]
[Date "2005.11.27"]
[Round "2"]
[White "Nemeth,F"]
[Black "Madan,A"]
[Result "1-0"]
[WhiteElo "2426"]
[BlackElo "2388"]

1.e4 c5 2.Nf3 Nc6 3.Bb5 g6 4.Bxc6 dxc6 5.d3 Bg7 6.h3 b6 7.O-O Nh6 8.Nc3 f6
9.a3 Nf7 10.Bd2 e5 11.b4 cxb4 12.axb4 O-O 13.Ra4 Qe7 14.Qa1 f5 15.b5 fxe4
16.Nxe4 c5 17.Bc3 Bf5 18.Qb2 Rad8 19.Qa2 Rd7 20.Neg5 h6 21.Nxf7 Rxf7 22.Nd2 Be6
23.Qa1 Bd5 24.Re1 Qg5 25.Ne4 Qf5 26.Re2 Rfe7 27.Ng3 Qf7 28.Bxe5 Rxe5 29.Rxe5 Bxe5
30.Qxe5 Qe7 31.Qc3 Qg7 32.Qxg7+ Kxg7 33.f3 Kf6 34.Kf2 Be6 35.Ke3 Rc7 36.Ne4+ Ke7
37.c4 Rd7 38.g4 Kf7 39.Ra1 Kg7 40.Rf1 Kf7 41.f4 Ke7 42.f5 gxf5 43.gxf5 Bf7
44.Rg1 Rd8 45.Rg7 Rg8 46.Rxg8 Bxg8 47.Kf4 Bf7 48.Ke5 Bh5 49.f6+ Kd7 50.Ng3 Bf3
51.Nf5 Ke8 52.Ke6 Be2 53.f7+ Kf8 54.Kf6  1-0

[Event "TCh-HUN 2005-6"]
[Site "Hungary HUN"]
[Date "2005.11.27"]
[Round "4"]
[White "Horvath,Ta1"]
[Black "Bagonyai,A"]
[Result "1/2-1/2"]
[WhiteElo "2370"]
[BlackElo "2381"]

1.e4 c5 2.Nf3 Nc6 3.Bb5 e6 4.O-O Nge7 5.c3 a6 6.Ba4 b5 7.Bc2 Bb7 8.Re1 Rc8
9.a4 Ng6 10.axb5 axb5 11.Qe2 b4 12.d3 Be7  1/2-1/2

[Event "TCh-HUN 2005-6"]
[Site "Hungary HUN"]
[Date "2005.11.27"]
[Round "4"]
[White "Kubacsny,L"]
[Black "Mate,L"]
[Result "1/2-1/2"]
[WhiteElo "2384"]
[BlackElo "2330"]

1.e4 c5 2.Nf3 Nc6 3.Bb5 g6 4.O-O Bg7 5.Re1 Nf6 6.e5 Nd5 7.Nc3 Nc7 8.Bxc6 dxc6
9.Ne4 Ne6 10.d3 O-O 11.Be3 b6 12.Qd2 Nd4 13.Nxd4 cxd4 14.Bh6 c5 15.h4 f5
16.exf6 exf6 17.h5 Bb7 18.hxg6 hxg6 19.Bxg7 Kxg7 20.Qf4 Bxe4 21.Rxe4 Qd7
22.Rae1 Rae8 23.b3 Rxe4 24.Rxe4 Re8 25.Kf1 Rxe4 26.Qxe4 Kf7 27.g4 Qe6 28.Qb7+ Qe7
29.Qf3 Kg7 30.Kg2 Qe6 31.Kg3  1/2-1/2